Oldest Living NL MVPs - Statistics

General Stats
  • This quiz has been taken 3 times
  • The average score is 9 of 10
Answer Stats
Age Player % Correct
73 Dave Parker
100%
75 George Foster
100%
76 Johnny Bench
100%
70 Keith Hernandez
100%
74 Mike Schmidt
100%
83 Pete Rose
100%
75 Steve Garvey
100%
84 Joe Torre
67%
88 Sandy Koufax
67%
70 Andre Dawson
33%
No matching quizzes found
Score Distribution
Percent of People with Each Score
Percentile by Number Answered
Your Score History
You have not taken this quiz